000 00222nam a22000857a 4500
008 160719b xxu||||| |||| 00| 0 eng d
100 _93044
_aGoscinny R
245 _aThe Roman Switzerland
260 _aUSA
_bOrion Publication
_c2004
999 _c2607
_d2607